Prénom garçon 2010 - Statistiques

Statistiques générales
  • Ce quiz a été pris 1 203 fois
    947 depuis la dernière actualisation
  • Le résultat moyen est 35 sur 100
Statistiques - réponses
Hint Lettre Prénom % Correct
13 L Léo
85%
1 L Lucas
78%
11 L Louis
70%
9 T Théo
69%
6 N Nathan
68%
2 M Mathis
66%
20 P Paul
66%
4 H Hugo
64%
19 J Jules
62%
41 N Noa
62%
23 T Thomas
60%
12 G Gabriel
58%
27 T Tom
58%
7 M Maxime
57%
3 E Enzo
56%
51 J Julien
55%
15 M Mathéo
55%
35 A Antoine
52%
16 A Arthur
51%
5 E Ethan
51%
50 M Mathieu
51%
67 R Romain
51%
40 V Victor
51%
8 R Raphaël
50%
17 A Alexandre
48%
10 C Clément
48%
30 V Valentin
48%
29 B Baptiste
47%
22 N Noé
46%
18 M Maël
45%
21 N Noah
44%
56 P Pierre
44%
25 T Timéo
43%
78 L Léon
42%
31 M Martin
42%
65 Y Yanis
42%
32 K Kylian
40%
44 A Alexis
39%
89 K Kevin
39%
34 M Maxence
39%
26 A Axel
38%
91 E Eliot
38%
49 G Gabin
37%
81 B Bastien
36%
87 M Mohamed
36%
64 N Nicolas
36%
14 E Evan
35%
58 L Liam
35%
36 N Nolan
35%
28 S Sacha
35%
45 S Simon
35%
46 S Samuel
34%
37 M Mattéo
33%
38 B Benjamin
32%
70 C Corentin
31%
24 A Adam
30%
55 A Adrien
29%
54 T Titouan
29%
69 G Gaspard
28%
42 E Esteban
27%
53 M Mathias
27%
68 R Rayan
27%
76 M Matéo
26%
43 R Robin
26%
63 D Dylan
25%
75 T Thibault
25%
72 J Jeremy
24%
83 O Oscar
24%
90 T Tristan
24%
95 N Nino
23%
47 M Mathys
22%
61 N Noam
21%
57 T Timothée
21%
59 A Antonin
20%
73 M Marius
20%
98 I Ilan
19%
99 N Naël
19%
85 G Gaëtan
18%
84 L Loïc
18%
48 A Aaron
17%
60 E Eliott
17%
52 E Erwan
17%
86 L Léandre
17%
39 L Lenny
16%
33 L Lorenzo
16%
100 G Gaël
15%
97 K Kenzo
15%
62 L Louka
15%
80 D Diego
14%
82 P Pablo
14%
79 R Rafaël
14%
92 T Ryan
14%
77 N Nathanaël
13%
88 I Isaac
11%
71 R Ruben
11%
74 E Elias
10%
94 K Kaïs
10%
66 E Elouan
8%
96 I Ismaël
8%
93 L Leny
8%
Aucun quiz correspondant
Distribution des résultats
% des personnes avec chaque résultat
Percentile par nombre de réponses
Votre historique - résultats
Vous n’avez pas pris ce quiz depuis la dernière actualisation